00541nam a22001697a 450000500170000001000150001702000120003203500140004403700130005808200120007110000200008324500830010326000390018627000800022530000280030550000380033320180503110413.0 aENG-122711 c1450.00 aEN-106243 bDBAD/PUB a616.042 aReddy, V. Rami  aCurrent trends in human genetics and physical anthropology /cby V. Rami Reddy aTirupatibDr (Mrs) V. Indirac2012 a#8-30, (Opp.) Vidyanagar, Svunt Colony, bTirupati (Amdhra Pradesh)e517502 a307p. c25cm(pbk)bill. aIt include bibliography and index